Central Library, Doon University
WEBOPAC (ONLINE PUBLIC ACCESS CATALOGUE)

Mathematical Physics (Record no. 60968)

MARC details
000 -LEADER
fixed length control field 00467nam a22001937a 4500
005 - DATE & TIME
control field 20260602163951.0
008 - FIXED-LENGTH DATA ELEMENTS--GENERAL INFORMATION
fixed length control field 260602b |||||||| |||| 00| 0 eng d
020 ## - ISBN
International Standard Book Number 9788180549281
Price 990.00
040 ## - CATALOGING SOURCE
Original cataloging agency Doon University
041 ## - Language
Language English
082 ## - DDC NUMBER
Classification number 5.0.15
Book Number PRA
100 ## - MAIN ENTRY--PERSONAL NAME
Personal name Prakash, Satya
245 ## - TITLE STATEMENT
Title Mathematical Physics
250 ## - EDITION STATEMENT
Edition statement 7th
260 ## - PUBLICATION, DISTRIBUTION, ETC. (IMPRINT)
Place of publication, distribution, etc New Delhi
Name of publisher, distributor, etc S. Chand
Date of publication, distribution, etc 2023
300 ## - PHYSICAL DESCRIPTION
Pages 1687
650 ## - Subject
Subject Physics (PM USHA)
942 ## - ADDED ENTRY ELEMENTS (KOHA)
Koha item type Books
100 ## - MAIN ENTRY--PERSONAL NAME
-- 321
650 ## - Subject
-- 26699
952 ## - LOCATION AND ITEM INFORMATION (KOHA)
-- 2026-06-02
952 ## - LOCATION AND ITEM INFORMATION (KOHA)
-- 2026-06-02
952 ## - LOCATION AND ITEM INFORMATION (KOHA)
-- 2026-06-02
Holdings
Withdrawn status Lost status Source of classification or shelving scheme Damaged status Not for loan Location (home branch) Sublocation or collection (holding branch) Date acquired Koha full call number Accession No. Koha date last seen Koha item type Koha issues (times borrowed)
        Not For Loan Doon University Doon University 02.06.2026 5.0.15 PRA 33257 02.06.2026 Reference  
          Doon University Doon University 02.06.2026 5.0.15 PRA 33258 02.06.2026 Books  
          Doon University Doon University 02.06.2026 5.0.15 PRA 33259 02.06.2026 Books  
Contact : +91-135-2533126 (Library),+91-135-2533105 (Admin Office) , Email : doonlibrary@gmail.com

Powered by Koha